000 00374nam a2200181Ia 4500
100 _aNagsarkar/T.K/ Sukhika/M.S
650 _apower system
250 _a2
942 _cBK
366 _f25
654 _apower system
245 _aPower system Analysis
260 _bOxford
_c2014
082 _bNAG
300 _a736
546 _aENGLISH
_cPAMPHALETS
999 _c21767
_d21767